000 00506nam a2200169Ia 4500
999 _c34835
_d34835
003 OSt
005 20200203125814.0
008 190216s9999||||xx |||||||||||||| ||und||
040 _coclc
082 _a327
_bBHA/P
100 _aBhakthavalsalam, M
_91788
245 0 _aPaschimasia Prasnangalum Pratheekshakalum /
_cM Bhakthavalsalam
260 _bSridevi Book House,
_c1984.
_aMadirashi:
300 _a143p
650 _aPolitical Science
942 _cBK
_2ddc
_h327
_iBHA/P
_k327
_mBHA/P